00518nam a2200181Ia 4500008004100000020001500041082001500056100002800071245003600099250000600135260002800141300001000169500002400179650001200203942000700215952009700222999001700319230524s9999 xx 000 0 und d a818975727X a4.165bMAR aNikhil Marriwala942083 0aMicroprocessors and Interfacing a1 aNew DelhibKatsonc2011 a850p; aQuantity Number: 1 aComp-Sc cBK 00104070aTATCLbTATCLcGENd2023-05-24l0o004.165 MARp53919r2023-05-24w2023-05-24yBK c56493d56493